Slovník sociální práce / Oldřich Matoušek
Record details
- ISBN: 80-7178-549-0 (váz.)
- Physical Description: 287 s. ; 21 cm
- Edition: Vyd. 1.
- Publisher: Praha : Portál, 2003
Content descriptions
| General Note: | Zákony a další předpisy platné v ČR, jež mají vztah k sociálnímu zabezpečení a k sociální práci s. 277-280 |
| Bibliography, etc. Note: | Obsahuje bibliografii a bibliografické odkazy |
Search for related items by subject
| Subject: | sociální práce sociální služby sociální zabezpečení sociální politika |
| Genre: | výkladové slovníky |
Available copies
- 3 of 6 copies available at Common Catalog SPOK.
Holds
- 0 current holds with 6 total copies.
Other Formats and Editions
Show Only Available Copies
| Location | Call Number / Copy Notes | Barcode | Shelving Location | Status | Due Date |
|---|---|---|---|---|---|
| Department of Languages | VS | 424480014946 | Příruční knihovna (KJZ) - ptejte se knihovníka | Available | - |
| ETS Library | 361.303 | 424470007698 | Volný výběr | Available | - |
| Jabok Library | SPr-1/M | 424480017037 | Odborná literatura | Checked out | 08.09.2025 |
| Jabok Library | SPr-1/M | 424480017044 | Odborná literatura | Available | - |
| Jabok Library | SPr-1/M | 424480027419 | Odborná literatura | Checked out | 06.01.2026 |
| Jabok Library | SPr-1/M | 424480044965 | Odborná literatura | Checked out | 08.09.2025 |
| LDR | 03969cam a22006977a 4500 | ||
|---|---|---|---|
| 001 | 11707 | ||
| 003 | CZ-PrJAB | ||
| 005 | 20150128094236.0 | ||
| 007 | ta | ||
| 008 | 050722s2003 xr ||||fr||||||0||||cze|d | ||
| 015 | . | ‡acnb001290584 | |
| 020 | . | ‡a80-7178-549-0 (váz.) | |
| 035 | . | ‡a(CZ PrCU)000209272 | |
| 040 | . | ‡aABA001 ‡bcze ‡cABA001 ‡dABD107 ‡dABD103 ‡dPND001 ‡dABD156 ‡dABD014 ‡dABD005 ‡dABD003 ‡dABD001 | |
| 072 | 7. | ‡a364 ‡xSociální problémy vyžadující podporu a pomoc. Sociální zabezpečení ‡2Konspekt ‡918 | |
| 080 | . | ‡a364-78 ‡2MRF | |
| 080 | . | ‡a364-7 ‡2MRF | |
| 080 | . | ‡a364 ‡2MRF | |
| 080 | . | ‡a36 ‡2MRF | |
| 080 | . | ‡a(038.072) ‡2MRF | |
| 082 | 1 | 4. | ‡a361.303 |
| 100 | 1 | . | ‡aMatoušek, Oldřich, ‡d1947- ‡7nlk19990073542 ‡4aut |
| 245 | 1 | 0. | ‡aSlovník sociální práce / ‡cOldřich Matoušek |
| 250 | . | ‡aVyd. 1. | |
| 260 | . | ‡aPraha : ‡bPortál, ‡c2003 | |
| 300 | . | ‡a287 s. ; ‡c21 cm | |
| 500 | . | ‡aZákony a další předpisy platné v ČR, jež mají vztah k sociálnímu zabezpečení a k sociální práci s. 277-280 | |
| 504 | . | ‡aObsahuje bibliografii a bibliografické odkazy | |
| 650 | 0 | 7. | ‡asociální práce ‡7ph125805 ‡2czenas |
| 650 | 0 | 7. | ‡asociální služby ‡7ph125812 ‡2czenas |
| 650 | 0 | 7. | ‡asociální zabezpečení ‡7ph116215 ‡2czenas |
| 650 | 0 | 7. | ‡asociální politika ‡7ph116210 ‡2czenas |
| 655 | 7. | ‡avýkladové slovníky ‡7fd133855 ‡2czenas | |
| 910 | . | ‡aABG450 | |
| 910 | . | ‡aABG312 | |
| 999 | . | ‡a8411 ‡bAUTOGEN ‡c8411 ‡tbiblio | |
| 901 | . | ‡a11707 ‡bUnknown ‡c11707 ‡tbiblio ‡sets | |